| 000 | 00345nam a22001217a 4500 | ||
|---|---|---|---|
| 082 | _aTHE 200 | ||
| 100 |
_aHINA GULL, _972891 |
||
| 245 | _aTH-SOF-0633-USABILITY DRIVEN WEB BASED SOFTWARE PROCESS MODEL.PDF | ||
| 260 |
_aNUST COLLEGE OF EME _bISLAMABAD _c2018 |
||
| 650 | _a MS-CSE-8 MSTHESIS | ||
| 700 |
_aDR FAROOQUE AZAM _917306 |
||
| 942 | _cCF | ||
| 999 |
_c578861 _d578861 |
||